The Call of the Wild/White Fang (Record no. 2527)
[ view plain ]
| 000 -LEADER | |
|---|---|
| fixed length control field | 00243nam a22000857a 4500 |
| 008 - FIXED-LENGTH DATA ELEMENTS--GENERAL INFORMATION | |
| fixed length control field | 160716b xxu||||| |||| 00| 0 eng d |
| 100 ## - MAIN ENTRY--PERSONAL NAME | |
| 9 (RLIN) | 2963 |
| Personal name | London, J |
| 245 ## - TITLE STATEMENT | |
| Title | The Call of the Wild/White Fang |
| 260 ## - PUBLICATION, DISTRIBUTION, ETC. (IMPRINT) | |
| Place of publication, distribution, etc. | USA |
| Name of publisher, distributor, etc. | Trident Press International |
| Date of publication, distribution, etc. | 2001 |
| Withdrawn status | Lost status | Source of classification or shelving scheme | Damaged status | Not for loan | Home library | Current library | Shelving location | Date acquired | Total Checkouts | Full call number | Barcode | Date last seen | Date last checked out | Price effective from | Koha item type |
|---|---|---|---|---|---|---|---|---|---|---|---|---|---|---|---|
| Dewey Decimal Classification | Good Samaritan School Library | Good Samaritan School Library | FICTION | 07/16/2016 | 1 | 823 | LON4109 | 08/10/2016 | 08/05/2016 | 07/16/2016 | BOOK |